000 00554nam a2200217Ia 4500
008 170918s9999 xx 000 0 und d
020 _a9780531220115
050 _bC973 2013
100 _aCunningham, Kevin
245 _aVideo games :
245 _bfrom concept to consumer /
245 _cby Kevin Cunningham.
260 _aNew York :
260 _bScholastic,
260 _c2013
300 _a64 pages :
300 _bcolored illustration ;
300 _c23cm.
440 _aCalling all innovators : a career for you.
500 _a1130
999 _c342720
_d342720